Proceedings of the COGENT Regional Coconut Genebank Planning Workshop, 26-28 February 1996, Pekanbaru, Riau, Indonesia

Bibliographic Details
Corporate Authors: COGENT Regional Coconut Genebank Planning Workshop, International Plant Genetic Resources Institute (IPGRI)
Other Authors: Batugal, Rao
Format: Book
Published: Rome : IPGRI , 1998
Subjects:

MARC

LEADER 00000cam a2200000 7i4500
001 0000001391
005 20010613.0
020 0 0 |a 9290433655 
090 0 0 |a 634.61   |b COG 1998 
110 1 0 |a COGENT Regional Coconut Genebank Planning Workshop   |j 1996   |k Riau, Indonesia 
245 1 0 |a Proceedings of the COGENT Regional Coconut Genebank Planning Workshop, 26-28 February 1996, Pekanbaru, Riau, Indonesia   |c V. Ramanatha Rao and P. Batugal, editors 
260 0 0 |a Rome :   |b IPGRI ,   |c 1998 
300 |a x, 115 p. ;   |c 30 cm. 
500 0 0 |a Bibliography : [p. 18-20] 
650 0 0 |a Coconut   |x Congresses 
700 0 1 |a Batugal   |h P. 
700 0 1 |a Rao   |h V. Ramanatha 
710 1 1 |a International Plant Genetic Resources Institute (IPGRI) 
998 |a JPSM 
999 |a 0000002427   |b Monograph   |c Open Shelf   |e Default branch